[Event "GER-ch U25-B"]
[Site "Willingen"]
[Date "2023.06.03"]
[Round "9"]
[White "Glotz, Richard"]
[Black "Kraus, Linus"]
[Result "1-0"]
[WhiteElo "1591"]
[BlackElo "1532"]
[PlyCount "55"]
[EventDate "2023.05.27"]
[EventType "swiss"]
[EventRounds "9"]
[EventCountry "GER"]
[SourceTitle "CBM 214 Extra"]
[Source "ChessBase"]
[SourceDate "2023.07.31"]
[SourceVersion "1"]
[SourceVersionDate "2023.07.31"]
[SourceQuality "1"]

1. e4 e6 2. d4 d5 3. Nc3 Nc6 4. e5 a6 5. Nce2 f6 6. Nf3 fxe5 7. dxe5 Qe7 8. Ng3 Bd7 9. c3 h6 10. h4 0-0-0 11. b4 d4 12. cxd4 Qxb4+ 13. Bd2 Qb6 14. Rb1 Qa7 15. Be3 Bb4+ 16. Nd2 b6 17. Be2 Nge7 18. 0-0 Nd5 19. Nge4 Kb7 20. Nc4 Nce7 21. a3 Bc3 22. Qc2 b5 23. Nxc3 Be8 24. Nxd5 exd5 25. Na5+ Kb8 26. a4 Bg6 27. Bd3 Bxd3 28. Qxd3 1-0

[Event "GER-ch U25-B"]
[Site "Willingen"]
[Date "2023.06.01"]
[Round "7"]
[White "Glotz, Richard"]
[Black "Andrade, Ruben"]
[Result "0-1"]
[WhiteElo "1591"]
[BlackElo "1753"]
[PlyCount "94"]
[EventDate "2023.05.27"]
[EventType "swiss"]
[EventRounds "9"]
[EventCountry "GER"]
[SourceTitle "CBM 214 Extra"]
[Source "ChessBase"]
[SourceDate "2023.07.31"]
[SourceVersion "1"]
[SourceVersionDate "2023.07.31"]
[SourceQuality "1"]

1. e4 e5 2. Nf3 Nc6 3. Bc4 Nf6 4. Ng5 d5 5. exd5 b5 6. Bf1 Nd4 7. c3 Nxd5 8. cxd4 Qxg5 9. Bxb5+ Kd8 10. 0-0 Bb7 11. Qf3 Rb8 12. d3 Qg6 13. Qg3 exd4 14. Qxg6 hxg6 15. Nd2 Nf4 16. Re1 Bd6 17. g3 Nh3+ 18. Kf1 Nxf2 19. Nb3 Ng4 20. Nxd4 Nxh2+ 21. Ke2 Bf3+ 22. Ke3 Bc5 23. a4 Rxb5 24. axb5 Re8+ 25. Kd2 Bb4+ 26. Kc2 Bxe1 27. Rxa7 Bf2 28. Ra4 Bxg3 29. Bd2 Bb7 30. Bb4 Bd6 31. b6 Bxb4 32. bxc7+ Kxc7 33. Rxb4 Nf1 34. Nb5+ Kd7 35. d4 Ne3+ 36. Kd2 Nd5 37. Rb3 Bc6 38. Na3 g5 39. Nc4 f6 40. Rg3 Bb5 41. b3 Bxc4 42. bxc4 Nf4 43. Ra3 Re2+ 44. Kd1 Re4 45. Ra7+ Ke6 46. Ra6+ Kf5 47. Rd6 g4 0-1

[Event "GER-ch U25-B"]
[Site "Willingen"]
[Date "2023.05.31"]
[Round "6"]
[White "Glotz, Richard"]
[Black "Hepp, Daniel"]
[Result "1-0"]
[WhiteElo "1591"]
[BlackElo "1442"]
[PlyCount "84"]
[EventDate "2023.05.27"]
[EventType "swiss"]
[EventRounds "9"]
[EventCountry "GER"]
[SourceTitle "CBM 214 Extra"]
[Source "ChessBase"]
[SourceDate "2023.07.31"]
[SourceVersion "1"]
[SourceVersionDate "2023.07.31"]
[SourceQuality "1"]

1. e4 c5 2. Nf3 Nc6 3. d4 cxd4 4. Nxd4 g6 5. c4 Bg7 6. Be3 Nf6 7. Nc3 d6 8. Be2 0-0 9. 0-0 Bd7 10. Qd2 Rc8 11. f3 Qa5 12. Rab1 a6 13. Rfc1 Qe5 14. f4 Qa5 15. Nxc6 bxc6 16. b4 Qc7 17. a4 a5 18. b5 c5 19. h3 Rb8 20. Bf3 Be6 21. Qe2 Nd7 22. Nd5 Bxd5 23. exd5 Nb6 24. Qc2 Rbe8 25. Re1 Qa7 26. Re2 e5 27. dxe6 Rxe6 28. Bf2 Rxe2 29. Bxe2 Re8 30. Bf3 Kf8 31. Kh1 Qc7 32. Rd1 Bf6 33. Be1 Nc8 34. Qd2 Rxe1+ 35. Rxe1 Kg7 36. Qc2 Ne7 37. Rb1 Qb6 38. Be4 Bd4 39. Qe2 Ng8 40. Bc6 Nh6 41. g4 Ng8 42. Qe8 Qb8 1-0

[Event "GER-ch Youth-B"]
[Site "Willingen"]
[Date "2022.06.08"]
[Round "5"]
[White "Glotz, Richard"]
[Black "Mehner, Lorenz"]
[Result "0-1"]
[WhiteElo "1607"]
[BlackElo "1609"]
[PlyCount "90"]
[EventDate "2022.06.04"]
[EventType "swiss"]
[EventRounds "9"]
[EventCountry "GER"]
[SourceTitle "CBM 208 Extra"]
[Source "ChessBase"]
[SourceDate "2022.07.31"]
[SourceVersion "1"]
[SourceVersionDate "2022.07.31"]
[SourceQuality "1"]

1. e4 c5 2. Nf3 d6 3. d4 cxd4 4. Nxd4 Nf6 5. f3 g6 6. Nc3 Bg7 7. Be3 0-0 8. Qd2 Nc6 9. g4 Be6 10. Nxe6 fxe6 11. 0-0-0 Ne5 12. Be2 Qa5 13. Kb1 Rfc8 14. Nb5 Qxd2 15. Rxd2 a6 16. Nd4 Kf7 17. h4 Nc4 18. Bxc4 Rxc4 19. h5 e5 20. hxg6+ hxg6 21. Nb3 Nxe4 22. fxe4 Rxe4 23. Rf2+ Bf6 24. g5 Rxe3 25. Rhf1 Rh3 26. gxf6 e6 27. Re2 Rh5 28. c3 Rf5 29. Rd1 d5 30. Rh1 Kxf6 31. Nc5 e4 32. Nxb7 g5 33. Nc5 g4 34. Rh6+ Kg5 35. Rxe6 g3 36. R6xe4 dxe4 37. Nxe4+ Kg4 38. Rg2 Rf3 39. Rxg3+ Rxg3 40. Nxg3 Kxg3 41. b4 Kf3 42. Kc2 Ke4 43. a4 Kd5 44. Kb3 a5 45. bxa5 Kc5 0-1

[Event "GER-ch Youth-B"]
[Site "Willingen"]
[Date "2022.06.05"]
[Round "2"]
[White "Glotz, Richard"]
[Black "Brunner, Alexander1"]
[Result "0-1"]
[WhiteElo "1607"]
[BlackElo "1666"]
[PlyCount "72"]
[EventDate "2022.06.04"]
[EventType "swiss"]
[EventRounds "9"]
[EventCountry "GER"]
[SourceTitle "CBM 208 Extra"]
[Source "ChessBase"]
[SourceDate "2022.07.31"]
[SourceVersion "1"]
[SourceVersionDate "2022.07.31"]
[SourceQuality "1"]

1. e4 d5 2. exd5 Qxd5 3. Nc3 Qa5 4. d4 Nf6 5. Bc4 Bg4 6. f3 Bh5 7. Nge2 Nc6 8. Bd2 0-0-0 9. Nd5 Qa4 10. b3 Qa3 11. Bc1 Qd6 12. Bf4 e5 13. dxe5 Nxe5 14. Qd4 Re8 15. Qxa7 Nxd5 16. Qa8+ Kd7 17. Bb5+ c6 18. Qxb7+ Kd8 19. 0-0-0 Qd7 20. Qb8+ Qc8 21. Qb6+ Ke7 22. Rxd5 cxd5 23. Bxe8 Bg6 24. Nd4 Nd3+ 25. Kd2 Nxf4 26. Re1+ Ne6 27. Bc6 Kf6 28. g4 h5 29. Bxd5 Bc5 30. g5+ Kxg5 31. Nxe6+ fxe6 32. Re5+ Kh6 33. Qb5 exd5 34. Rxd5 Rd8 35. Qc4 Rxd5+ 36. Qxd5 Bb4+ 0-1